Writing Fiction: (Record no. 19422)
[ view plain ]
| 000 -LEADER | |
|---|---|
| fixed length control field | 00564nam a22001937a 4500 |
| 008 - FIXED-LENGTH DATA ELEMENTS--GENERAL INFORMATION | |
| fixed length control field | 220802b |||||||| |||| 00| 0 eng d |
| 020 ## - INTERNATIONAL STANDARD BOOK NUMBER | |
| International Standard Book Number | 022661669x |
| 050 ## - LIBRARY OF CONGRESS CALL NUMBER | |
| Classification number | PN335 |
| Item number | .B87 2019 |
| 100 ## - MAIN ENTRY--PERSONAL NAME | |
| Personal name | Burroway, Janet |
| 245 ## - TITLE STATEMENT | |
| Title | Writing Fiction: |
| Remainder of title | a guide to narrative craft/ |
| Statement of responsibility, etc. | Janet Burroway |
| 250 ## - EDITION STATEMENT | |
| Edition statement | 10th ed. |
| 260 ## - PUBLICATION, DISTRIBUTION, ETC. (IMPRINT) | |
| Place of publication, distribution, etc. | London |
| Name of publisher, distributor, etc. | University of Chigago Press |
| Date of publication, distribution, etc. | 2019 |
| 300 ## - PHYSICAL DESCRIPTION | |
| Extent | xvii, 236p. |
| 650 ## - SUBJECT ADDED ENTRY--TOPICAL TERM | |
| Topical term or geographic name as entry element | Fiction |
| Form subdivision | Technique |
| 650 ## - SUBJECT ADDED ENTRY--TOPICAL TERM | |
| Topical term or geographic name as entry element | Fiction |
| Form subdivision | authorship |
| 700 ## - ADDED ENTRY--PERSONAL NAME | |
| Personal name | Stuckey-French, Elizabeth |
| 700 ## - ADDED ENTRY--PERSONAL NAME | |
| Personal name | Stuckey-French, Ned |
| 942 ## - ADDED ENTRY ELEMENTS (KOHA) | |
| Source of classification or shelving scheme | Library of Congress Classification |
| Koha item type | General Collection |
| Withdrawn status | Lost status | Source of classification or shelving scheme | Not for loan | Home library | Current library | Date acquired | Cost, normal purchase price | Total Checkouts | Full call number | Barcode | Date last seen | Price effective from | Koha item type |
|---|---|---|---|---|---|---|---|---|---|---|---|---|---|
| Library of Congress Classification | Kabarak, Main Campus | Kabarak, Main Campus | 02/08/2022 | 2683.00 | PN335 .B87 2019 c.1 | 032180 | 02/08/2022 | 02/08/2022 | General Collection |